Ensayo de una descripción geológica de la isla de Mallorca (Record no. 152578)

MARC details
000 -LEADER
campo de control de longitud fija 00917nam a2200181 i 4500
001 - NÚMERO DE CONTROL
campo de control 152578
003 - IDENTIFICADOR DE NÚMERO DE CONTROL
campo de control ES-MaACL
005 - FECHA Y HORA DE LA ÚLTIMA TRANSACCIÓN
campo de control 20230906204813.0
008 - DATOS DE LONGITUD FIJA--INFORMACIÓN GENERAL
campo de control de longitud fija 931025s1867 sp |||| | spa d
100 1# - ENTRADA PRINCIPAL--NOMBRE DE PERSONA
Nombre de persona Bouvy, Pablo.
9 (RLIN) 31091
245 10 - MENCIÓN DEL TÍTULO
Título Ensayo de una descripción geológica de la isla de Mallorca
Resto del título : comparada con las islas y el litoral de la cuenca occidental del Mediterraneo /
Mención de responsabilidad, etc. por Pablo Bouvy.
260 ## - PUBLICACIÓN, DISTRIBUCIÓN, ETC.
Lugar de publicación, distribución, etc. Palma :
Nombre del editor, distribuidor, etc. [s.n.],
Fecha de publicación, distribución, etc. 1867 (
Fabricante Imp. de Felipe Guasp y Vicens)
300 ## - DESCRIPCIÓN FÍSICA
Extensión 67 p.|b [1] h. pleg. de mapa, [2] h. pleg. de lám. ;
Dimensiones 21 cm.
530 ## - NOTA DISPONIBLE DE FORMULARIO FÍSICO ADICIONAL
Nota de formato físico adicional disponible Disponible también en sitio web.
650 #4 - PUNTO DE ACCESO ADICIONAL DE MATERIA--TÉRMINO DE MATERIA
Término de materia o nombre geográfico como elemento de entrada Geología-
Subdivisión geográfica Mallorca.
9 (RLIN) 142265
852 ## - LOCALIZACIÓN
Ubicación ES-MaACL
Número de control de estantería T-1105-F-3
Nota libre -- Enc. hol.
-- -- Legado de Federico de Botella y de Hornos
-- -- Enc. en un vol. facticio
856 ## - LOCALIZACIÓN Y ACCESO ELECTRÓNICOS
Identificador Uniforme de Recursos <a href="http://bibliotecadigitalhispanica.bne.es:80/webclient/DeliveryManager?pid=1678951&custom_att_2=simple_viewer">http://bibliotecadigitalhispanica.bne.es:80/webclient/DeliveryManager?pid=1678951&custom_att_2=simple_viewer</a>
Nota pública Ir a la página
Holdings
Estatus retirado Estado de pérdida Estado de daño No para préstamo Colección Biblioteca de origen Biblioteca actual Ubicación en estantería Fecha de adquisición Fuente de adquisición Total de préstamos Signatura topográfica completa Código de barras Visto por última vez Precio de reemplazo Tipo de ítem Koha
        Colección de folletos Biblioteca del Ateneo de Madrid Biblioteca del Ateneo de Madrid Depósito folletos 16/01/2012     T-1005-F-3 1188818 23/02/2023 23/02/2023 Folleto